| 000 | 00507nam a22000977a 4500 | ||
|---|---|---|---|
| 008 | 160125b xxu||||| |||| 00| 0 eng d | ||
| 100 | _aGill, Charles C. | ||
| 245 | _aAmerican history as told by postage stamps : United States, British North America and Mexico | ||
| 260 |
_aHolton, KS _bWeekly Philatelic Gossip _c1938 |
||
| 650 | _aNorth America | United States | British North America | Canada | Mexico | Topical Collecting | History | Famous People | Designs | Commemorative Issues | Definitive Issues | Americana | ||
| 999 |
_c1756 _d1756 |
||